000 01201cab a2200385 4500
001 ABS59384
008 090401t1998 xxu||||| |||| 00| 0 eng d
035 _a(Sirsi) u89471
041 _aeng
245 _aScotland
260 _c1998
350 _a0
490 _aBuilding
_vSupplement October 1998, (48) LOAN
520 _aReview of the building industry in Scotland. Focus on key developments in Glasgow and Edinburgh, how devolution may affect the industry, roundup of landmark construction projects, overview of which are the best sectors to target, and the top construction firms.
650 _aARCHITECTS
650 _aBROWNFIELD DEVELOPMENT
650 _aBUILDING INDUSTRY
650 _aCONSTRUCTION INDUSTRY
650 _aCONSTRUCTION MARKET
650 _aCONTRACTORS
650 _aDEVOLUTION
650 _aEDINBURGH
650 _aGLASGOW
650 _aHOUSE BUILDERS
650 _aLANDMARK PROJECTS
650 _aLEAGUE TABLES
650 _aPUBLIC BUILDINGS
650 _aQUANTITY SURVEYORS
650 _aSCOTLAND
650 _aSTRUCTURAL ENGINEERS
650 _aURBAN REGENERATION
690 _aBUILT ENVIRONMENT
942 _n0
948 _c04/11/1998
999 _c56610
_d56610